000 01558cam a2200445 i 4500
001 19430566
003 GBCCL
005 20241126110347.0
008 160816s2017 ii b 000 0 eng d
010 _a 2016362584
020 _a9789351481690 (HB)
020 _a9351481697
020 _a9789351481706 (PB)
020 _a9351481700
025 _aI-E-2016362584 ; 13-91
035 _a(OCoLC)ocn966375630
035 _a(OCoLC)966375630
037 _bLibrary of Congress -- New Delhi Overseas Office
040 _aDKAGE
_beng
_erda
_cDKAGE
_dOCLCO
_dDLC
042 _alccopycat
_alcode
043 _aa-ii---
050 4 _aBT83.9
_b.J36 2017
082 0 4 _a230.082
_223
_bJAM
100 1 _aJames, Lovely Awomi,
_d1974-
_eauthor.
_91336
245 1 0 _aTribal theology :
_breviewing the Naga traditional worldview /
_cLovely Awomi James.
264 1 _aNew Delhi, [India] :
_bChristian World Imprints,
_c2017.
300 _axlvi, 201 pages ;
_c25 cm.
336 _atext
_btxt
_2rdacontent
337 _aunmediated
_bn
_2rdamedia
338 _avolume
_bnc
_2rdacarrier
490 1 _aChristian heritage rediscovered ;
_v48
504 _aIncludes bibliographical references (pages 175-201).
650 0 _aIndigenous women
_zIndia
_zNāgāland
_xReligion.
_91337
650 0 _aNaga (South Asian people)
_zIndia
_zNāgāland
_xReligion.
_91328
650 0 _aWomanist theology.
_91338
830 0 _aChristian heritage rediscovered ;
_v48.
_91339
906 _a7
_bcbc
_ccopycat
_d3
_encip
_f20
_gy-gencatlg
942 _2ddc
_cBK
_034
999 _c859
_d859